000 00583 a2200193 4500
999 _c5732
_d5732
020 _a9780748724437
050 _aQA939 BOS 1997
100 _aBostock, L. (Linda)
_eauthor
245 _aSTP National Curriculum mathematics 9B /
_cL Bostock; S Chandler; A Shepherd; E Smith
264 _aCheltenham :
_bStanley Thornes,
_c1997
300 _avi, 464 pages
500 _alncludes index
650 _a Mathematics.
650 _aMathematics -- Problems, exercises, etc.
700 _aS Chandler
700 _a A Shepherd
700 _a E Smith
942 _2lcc
_cBK
_h939
_iBOS
_kQA